000 00427nam a2200181Ia 4500
001 1506
005 20260306143733.0
008 260306t2021||||xx |||||||||||||| ||spa||
041 _aESP
082 _a150.333
_bF83
100 _aFreijo Becchero, Fedra,
_eAUT
245 0 _aMujeres cuerpos expropiados
260 _c2021
300 _a189 páginas :
_c22 cm.
650 _aGEN
654 _aCPS
942 _cLIB
_dJUS
_fJUS
_2ddc
_n
999 _c1506
_d1506